Bach /

Vida y obra de J.S.Bach. Ilustrada por ejemplos musicales de sus principales obras. La música para órgano. La música religiosa contenido histórico. Su legado.

Guardado en:
Autor Principal: Holloway, Graham.
Formato: Deslizar
Series:Música Maestro
Materias:
Etiquetas: Agregar Etiqueta
Sin Etiquetas, Sea el primero en etiquetar este registro!
LEADER 00910ngm a22002535g 4500
001 CEM.cems022440
008 130507b2000##################0###0#####d
005 20241104133652.0
245 1 0 |a Bach /  |c Graham Holloway. 
300 |a 53'. 
490 0 |a Música Maestro 
500 |a En soporte VHS, consultar en ventanilla. 
520 |a Vida y obra de J.S.Bach. Ilustrada por ejemplos musicales de sus principales obras. La música para órgano. La música religiosa contenido histórico. Su legado. 
538 |a Soporte: VHS - Norma: Pal N - Color: Si - Grabación DRD 2000 - Hitachi=0000 
100 1 |a Holloway, Graham. 
082 7 8 |/ HOL-2 
653 |a MUSICA 
653 |a HISTORIA DE LA MUSICA 
653 |a BACH 
653 |a BARROCO 
653 |a MUSICA RELIGIOSA 
653 |a NIVEL PRIMARIO 
653 |a NIVEL SECUNDARIO 
859 |a CEMS  |b BIB. CEMS - Depto. Recursos Didacticos  |h 785  |i HOL-2  |k DRD  |p 1083.12  |t Ej.1